| 000 | 01666nam a2200277 a 4500 | ||
|---|---|---|---|
| 003 | AM-YEHGA | ||
| 005 | 20250617160924.0 | ||
| 008 | 200110s1961 ru a||||r|||||001|0|rus|| | ||
| 040 | _aAM-YeHGA | ||
| 041 | 0 | _arus | |
| 100 | 1 | _aМайорова, Эсфирь Ароновна | |
| 245 | 1 | 0 |
_aПластмассы и другие неметаллические материалы в станкостроении за рубежом : _b[Обзор] / _c[Обзор сост. канд. техн. наук Э.А. Майоровой]. |
| 260 |
_aМосква : _bЦБТИ, _c1961.- |
||
| 300 |
_aвып. _b _c |
||
| 490 | 0 |
_aXIV серия Машиностроение за рубежом / Гос. ком. Совета Министров СССР по автоматизации и машиностроению. ЦБТИ. Эксперим. науч.-исслед. ин-т металлорежущих станков "ЭНИМС" _vВып. 1 и 2 |
|
| 500 | _aСост. указан на обороте тит. л. | ||
| 504 | _aБиблиогр.: с. 66-70 | ||
| 505 | 1 | 0 | _gВып. 1-2 (1961 : 72 с.) |
| 650 | 1 | 4 |
_aМашиностроение _xТехнология машиностроения |
| 650 | 1 | 4 | _aМашиностроительные материалы, неметаллические |
| 653 | 0 | _aПластмассы - Применение в станкостроении - Иностранный опыт | |
| 710 | 2 | _aЭкспериментальный научно-исследовательский институт металлорежущих станков (ЭНИМС) | |
| 942 |
_2udc _cBK |
||
| 001 | 1682848 | ||
| 090 | _c465647 | ||
| 999 |
_c462468 _d462468 |
||